| 000 | 00924cam a22002531 4500 | ||
|---|---|---|---|
| 001 | l 54000134 | ||
| 003 | DLC | ||
| 005 | 20260227111544.0 | ||
| 008 | 790907s1954 dcu f000 0 eng | ||
| 010 | _al 54000134 | ||
| 035 | _a(OCoLC)5349548 | ||
| 040 |
_aDLC _cArU _dDLC |
||
| 050 | 0 | 0 |
_aHD8064 _b.A5 1954 |
| 110 | 1 |
_aUnited States. _bBureau of Labor Statistics. |
|
| 245 | 1 | 0 |
_aGuide to employment statistics of BLS; _bemployment, hours and earnings, labor turnover _c[by Frances E. Bailey of the Division of Manpower and Employment Statistics. |
| 260 |
_aWashington, _bU.S. Govt. Print. Off., _c1954] |
||
| 300 |
_a77 p. _btables. _c26 cm. |
||
| 500 | _aCover Title. | ||
| 650 | 0 |
_aLabor and laboring classes _zUnited States _xStatistics. |
|
| 650 | 0 |
_aIndustries _vDictionaries. |
|
| 610 | 1 | 0 |
_aUnited States. _bBureau of Labor Statistics. |
| 700 | 1 | _aBailey, Frances E. | |
| 740 | 0 | _aEmployment statistics of BLS. | |
| 999 |
_c36851 _d36851 |
||